| 000 | nam a22 7a 4500 | ||
|---|---|---|---|
| 999 |
_c329759 _d329759 |
||
| 003 | NUST | ||
| 005 | 20170621135723.0 | ||
| 008 | 170519b xxu||||| |||| 00| 0 eng d | ||
| 040 | _cNUST | ||
| 082 |
_a891.4393 _bBEA |
||
| 100 |
_aBeaven, Marcel _91223 |
||
| 245 |
_aMein hun Taimor / _cby Marcel Beaven , translator Khalil ur Rehman and Khawaja Hameed Yazdani |
||
| 260 |
_aLahore: _bMushtaq book corner, _c2000 |
||
| 300 | _a579 p. | ||
| 500 | _aNovel | ||
| 546 | _aIn Urdu | ||
| 650 |
_aUrdu Literature _9347 |
||
| 880 |
_aمیں ہوں تیمور _6245-02\(3\r _cMarcel Beaven، ترجمہ: خلیل الرحمان، خواجہ حمید یزدانی |
||
| 880 |
_aلاہور: _6260-03\(3\r _bمشتاق بک کارنر، _c2000 |
||
| 942 |
_2ddc _cBK |
||